LEADER 01303nam a2200241 i 4500 001 000000139179 003 CaOOAMICUS 005 20240930162717.0 008 050518s1966 it u000 u mul u 040 $aSeMil$bita 110 2 $aFondazione Centro italiano di studi sull'Alto Medioevo .$0(OLS)http://semarc/name/199 245 10$aAgricoltura e mondo rurale in Occidente nell'Alto Medioevo /$cCentro italiano di studi sull'Alto Medioevo, Spoleto. 264 1$aSpoleto :$bPresso la Sede del Centro,$c1966. 300 $a871 p., [24] carte di tav., 1 tav. ripieg. :$bill. ;$c22 cm 490 1 $a[Atti delle] Settimane di Studio del Centro italiano di studi sull'Alto Medioevo ;$v13. 500 $aIn mezzo al front: 22 - 28 aprile 1965 650 4$aAgricoltura - Storia - Medioevo.$0(OLS)http://semarc/subject/27331 830 0$aAtti delle settimane di studio / Centro italiano di studi sull'alto Medioevo ;$v13.$0(OLS)http://semarc/title/305 850 $aSeMil 852 $aSeMil$W1$xVenegono$y1$m3TA B 13$j251116$B92617$CSeMilBibl$Z2$F97815 $81 996 $6245$aAgricoltura e mondo rurale in Occidente nell'Alto Medioevo$9(OLS)http://semarc/title/203438 996 $6264$aSpoleto :$bPresso la Sede del Centro$9(OLS)http://semarc/publisher/29731 LEADER 01050nam a2200217 i 4500 001 000000065836 003 CaOOAMICUS 005 20211025124008.0 008 131105s1850 gw u000 u lat u 013 $a37008 040 $aSeMil$bita 100 1 $aPassaglia, Carlo,$c.$0(OLS)http://semarc/name/2029 245 10$aCaroli Passaglia Commentarius de praerogativis beati Petri apostolorum principis auctoritate divinarum litterarum comprobatis. 264 1$aRatisbonae :$bSumptus fecit G. Josephus Manz,$c1850. 300 $a608 p. ;$c25 cm. 650 4$aPietro - Primato.$0(OLS)http://semarc/subject/4313 850 $aSeMil 852 $aSeMil$W1$xVenegono$y1$m2N III 3 FA$j31989$B31989$CSeMilBibl$Z2$F31992 $8I 996 $6245$aCaroli Passaglia Commentarius de praerogativis beati Petri apostolorum principis auctoritate divinarum litterarum comprobatis$9(OLS)http://semarc/title/104572 996 $6264$aRatisbonae :$bSumptus fecit G. Josephus Manz$9(OLS)http://semarc/publisher/42626